Statistics for Countries without armed forces

Click here to take the quiz!

General Stats

  • This quiz has been taken 663 times
  • The average score is 15 of 21

Answer Stats

Answer% Correct
Vatican City
91%
Andorra
85%
Monaco
81%
Nauru
80%
Tuvalu
80%
Palau
79%
Saint Lucia
78%
Marshall Islands
77%
Saint Vincent and the Grenadines
77%
Samoa
77%
Federated States of Micronesia
75%
Kiribati
75%
Solomon Islands
73%
Vanuatu
73%
Liechtenstein
72%
Iceland
70%
Grenada
67%
Costa Rica
64%
Dominica
63%
Mauritius
53%
Panama
40%

Score Distribution

Percentile by Number Answered

Percent of People with Each Score

Your Score History

You have not taken this quiz